<?xml version="1.0" encoding="UTF-8"?>
<record
    xmlns:xsi="http://www.w3.org/2001/XMLSchema-instance"
    xsi:schemaLocation="http://www.loc.gov/MARC21/slim http://www.loc.gov/standards/marcxml/schema/MARC21slim.xsd"
    xmlns="http://www.loc.gov/MARC21/slim">

  <leader>01193cam a2200277 a 4500</leader>
  <controlfield tag="001">000012213</controlfield>
  <controlfield tag="005">20200929162739.0</controlfield>
  <controlfield tag="008">000721s1999    ck ab         100 0 spa  </controlfield>
  <datafield tag="010" ind1=" " ind2=" ">
    <subfield code="a">00696726</subfield>
  </datafield>
  <datafield tag="020" ind1=" " ind2=" ">
    <subfield code="a">9589676766</subfield>
  </datafield>
  <datafield tag="040" ind1=" " ind2=" ">
    <subfield code="a">DO-SdBNP</subfield>
    <subfield code="c">DLC</subfield>
  </datafield>
  <datafield tag="082" ind1=" " ind2=" ">
    <subfield code="a">370.19</subfield>
    <subfield code="b">S612c</subfield>
  </datafield>
  <datafield tag="111" ind1="2" ind2=" ">
    <subfield code="a">Simposio de Etnoeducaci&#xF3;n</subfield>
    <subfield code="d">(1997 :</subfield>
    <subfield code="c">Barranquilla, Colombia)</subfield>
    <subfield code="9">28841</subfield>
  </datafield>
  <datafield tag="111" ind1="2" ind2=" ">
    <subfield code="a">Congreso de Antropolog&#xED;a</subfield>
    <subfield code="n">(8 :</subfield>
    <subfield code="d">1997 :</subfield>
    <subfield code="c">Barranquilla, Colombia)</subfield>
    <subfield code="9">28842</subfield>
  </datafield>
  <datafield tag="245" ind1="1" ind2="0">
    <subfield code="a">Culturas, lenguas, educaci&#xF3;n :</subfield>
    <subfield code="b">memorias /</subfield>
    <subfield code="c">Simposio de Etnoeducaci&#xF3;n, VIII Congreso de Antropolog&#xED;a ; Daniel Aguirre Lischt, compilador.</subfield>
  </datafield>
  <datafield tag="260" ind1=" " ind2=" ">
    <subfield code="a">Barranquilla :</subfield>
    <subfield code="b">Fondo de Publicaciones de la Universidad del Atl&#xE1;ntico,</subfield>
    <subfield code="c">1999.</subfield>
  </datafield>
  <datafield tag="300" ind1=" " ind2=" ">
    <subfield code="a">371 p. :</subfield>
    <subfield code="b">il., mapas ;</subfield>
    <subfield code="c">24 cm.</subfield>
  </datafield>
  <datafield tag="490" ind1=" " ind2="0">
    <subfield code="a">Ling&#xFC;&#xED;stica Pedro Mar&#xED;a Revollo.</subfield>
  </datafield>
  <datafield tag="504" ind1=" " ind2=" ">
    <subfield code="a">Incluye notas y referencia al pie de p&#xE1;ginas</subfield>
  </datafield>
  <datafield tag="650" ind1=" " ind2="4">
    <subfield code="a">Antropolog&#xED;a de la educaci&#xF3;n</subfield>
    <subfield code="z">Colombia</subfield>
    <subfield code="9">28843</subfield>
  </datafield>
  <datafield tag="650" ind1=" " ind2="4">
    <subfield code="a">Etnolog&#xED;a</subfield>
    <subfield code="z">Colombia</subfield>
    <subfield code="9">22331</subfield>
  </datafield>
  <datafield tag="700" ind1="1" ind2=" ">
    <subfield code="a">Aguirre Lischt, Daniel.</subfield>
    <subfield code="e">comp.</subfield>
    <subfield code="9">28844</subfield>
  </datafield>
  <datafield tag="711" ind1="2" ind2=" ">
    <subfield code="a">Congreso Nacional de Antropolog&#xED;a (Colombia)</subfield>
    <subfield code="n">(8 :</subfield>
    <subfield code="d">1997 :</subfield>
    <subfield code="c">Barranquilla, Colombia)</subfield>
    <subfield code="9">28845</subfield>
  </datafield>
  <datafield tag="910" ind1=" " ind2=" ">
    <subfield code="a">Catalogaci&#xF3;n por copia / LC</subfield>
  </datafield>
  <datafield tag="049" ind1=" " ind2=" ">
    <subfield code="a">BNGR</subfield>
  </datafield>
  <datafield tag="952" ind1=" " ind2=" ">
    <subfield code="0">0</subfield>
    <subfield code="1">0</subfield>
    <subfield code="5">2</subfield>
    <subfield code="7">0</subfield>
    <subfield code="8">MO</subfield>
    <subfield code="a">GR</subfield>
    <subfield code="b">GR</subfield>
    <subfield code="c">CT</subfield>
    <subfield code="d">2009-11-06</subfield>
    <subfield code="i">LF1</subfield>
    <subfield code="l">0</subfield>
    <subfield code="o">370.19 S612c</subfield>
    <subfield code="p">12213-10</subfield>
    <subfield code="r">2020-06-25</subfield>
    <subfield code="w">2020-06-25</subfield>
    <subfield code="y">2</subfield>
    <subfield code="Z">Pr&#xE9;stamo interno</subfield>
  </datafield>
  <datafield tag="999" ind1=" " ind2=" ">
    <subfield code="c">11878</subfield>
    <subfield code="d">11878</subfield>
  </datafield>
</record>
